PMI Report on commercial development activity (Record no. 106069)
[ view plain ]
| 000 -LEADER | |
|---|---|
| fixed length control field | 01369cam a2200229 4500 |
| 001 - CONTROL NUMBER | |
| control field | ##L135454 |
| 008 - FIXED-LENGTH DATA ELEMENTS--GENERAL INFORMATION | |
| fixed length control field | 061027n2006 000 0 eng u |
| 035 ## - SYSTEM CONTROL NUMBER | |
| System control number | (Sirsi) u135454 |
| 041 0# - LANGUAGE CODE | |
| Language code of text/sound track or separate title | eng |
| 100 1# - MAIN ENTRY--PERSONAL NAME | |
| Personal name | Pillow, Michael |
| 110 2# - MAIN ENTRY--CORPORATE NAME | |
| Corporate name or jurisdiction name as entry element | Savills |
| 9 (RLIN) | 2020 |
| 245 00 - TITLE STATEMENT | |
| Title | PMI Report on commercial development activity |
| Remainder of title | September 2006 |
| 260 3# - PUBLICATION, DISTRIBUTION, ETC. | |
| Place of publication, distribution, etc. | London |
| Name of publisher, distributor, etc. | Savills |
| Date of publication, distribution, etc. | September 2006 |
| 505 1# - FORMATTED CONTENTS NOTE | |
| Formatted contents note | Growth of UK commercial development activity was the least marked for eight months in August -- Tables and graphs |
| 520 ## - SUMMARY, ETC. | |
| Summary, etc. | The report contains the latest data from the Savills PMI survey of business conditions in the commercial property sector. The survey is based on monthly questionnaires completed by executives across the commercial property. One in four of the survey panel reported a rise in private sector development activity in August 2006, compared to less than one in twelve that signalled a decline. Commercial development growth activity was the least marked for eight months and the best performing categories were refurbishment activity and private sector office development. |
| 590 ## - LOCAL NOTE (RLIN) | |
| Local note | IKA 311006 |
| 651 #4 - SUBJECT ADDED ENTRY--GEOGRAPHIC NAME | |
| Geographic name | United Kingdom |
| Chronological subdivision | |
| 690 ## - LOCAL SUBJECT ADDED ENTRY--TOPICAL TERM (OCLC, RLIN) | |
| Topical term or geographic name as entry element | PROPERTY-COMMERCIAL PROPERTY-COMMERCIAL PROPERTY MARKET |
| 700 1# - ADDED ENTRY--PERSONAL NAME | |
| Personal name | Oakley, Mat |
| 856 40 - ELECTRONIC LOCATION AND ACCESS | |
| Uniform Resource Identifier | <a href="https://www.savills.co.uk/research">https://www.savills.co.uk/research</a> |
| Public note | View the item free of charge at www.savills.co.uk... |
| 942 ## - ADDED ENTRY ELEMENTS (KOHA) | |
| Suppress in OPAC | 0 |
| Withdrawn status | Lost status | Source of classification or shelving scheme | Damaged status | Not for loan | Home library | Current library | Shelving location | Date acquired | Total Checkouts | Full call number | Barcode | Date last seen | Copy number | Price effective from | Koha item type |
|---|---|---|---|---|---|---|---|---|---|---|---|---|---|---|---|
| Dewey Decimal Classification | Virtual | Virtual | Online | 27/10/2006 | ONLINE PUBLICATION | 135454-1001 | 06/08/2019 | 1 | 06/08/2019 | Book |